书目信息 |
| 题名: |
花非花
|
|
| 作者: | 冯华 著 | |
| 分册: | ||
| 出版信息: | 南京 江苏文艺出版社 2000.10 |
|
| 页数: | 339页 | |
| 开本: | 20cm | |
| 丛书名: | ||
| 单 册: | ||
| 中图分类: | I247.56 | |
| 科图分类: | ||
| 主题词: | 侦探小说--中国--现代 , 长篇小说--中国--现代 | |
| 电子资源: | ||
| ISBN: | 7-5399-1513-7 | |
| 000 | 00809nam0 2200241 450 | |
| 001 | 0158541265 | |
| 005 | 20050906153305.82 | |
| 010 | @a7-5399-1513-7@dCNY16.80 | |
| 100 | @a20050131d2000 km y0chiy0120 ea | |
| 101 | 0 | @achi |
| 102 | @aCN@b320000 | |
| 105 | @ay z 000ay | |
| 200 | 1 | @a花非花@Ahua fei hua@f冯华著@Ffeng hua zhu |
| 210 | @a南京@c江苏文艺出版社@d2000.10 | |
| 215 | @a339页@d20cm | |
| 300 | @a根据冯华小说《迷离之花》改编,最具诱惑力的另类情感侦破小说。 | |
| 330 | @a本书讲述A市副市长周怡的丈夫神秘死亡,警察普克受命调查此案,随着侦破工作的步步深入,周怡生活中不为人知的另一面渐渐浮出水面……。 | |
| 606 | 0 | @a侦探小说@y中国@z现代 |
| 606 | 0 | @a长篇小说@y中国@z现代 |
| 690 | @aI247.56@v4 | |
| 701 | 0 | @a冯华@Afeng hua@4著 |
| 801 | 0 | @aCN@bQSSK@c20050906 |
| 905 | @a10447@dI247.56@eF460 | |
| 花非花/冯华著.-南京:江苏文艺出版社,2000.10 |
| 339页;20cm |
| 根据冯华小说《迷离之花》改编,最具诱惑力的另类情感侦破小说。 |
| ISBN 7-5399-1513-7:CNY16.80 |
| 本书讲述A市副市长周怡的丈夫神秘死亡,警察普克受命调查此案,随着侦破工作的步步深入,周怡生活中不为人知的另一面渐渐浮出水面……。 |
| ● |
| 相关链接 |
|
|
|
正题名:花非花
索取号:I247.56/F460
 
预约/预借
| 序号 | 登录号 | 条形码 | 馆藏地/架位号 | 状态 | 备注 |
| 1 | 560258 | 205602588 | 文学库108/108文学库 45排9列1层/ [索取号:I247.56/F460] | 在馆 | |
| 2 | 560259 | 205602597 | 文学库108/ [索取号:I247.56/F460] |
已借出,限还日期为2037.02.16 借出人:中级法院 |
|
| 3 | 560260 | 205602604 | 社科二线422/422社科库 3排2列3层/ [索取号:I247.56/F460] | 在馆 |